000 00711cam a2200241 4500
008
020 _a0393093719 (pbk.)
049 _aMAIN
090 _aQH541
_bEMM
100 1 _aEmmel, Thomas C.
245 1 3 _aAn introduction to ecology and population biology /
_cThomas C. Emmel.
260 _aNew York :
_bNorton,
_cc1973.
300 _ax, 196 p. :
_bill. ;
_c21 cm.
504 _aIncludes bibliographical references.
650 0 _aEcology.
650 0 _aPopulation biology.
650 0 _aNature
_xEffect of human beings on.
907 _a.b10014202
_b05-10-06
_c17-04-03
003
005 20230123133558.0
040 _cNUST
942 _cBOOKS
_kQH541
_mEMM
999 _c151024
_d151024